[Event "Saratov Regional-ch"]
[Site "Saratov"]
[Date "2014.12.09"]
[Round "4"]
[White "Brekhov, Denis"]
[Black "Gitelson, Arkady"]
[Result "1/2-1/2"]
[WhiteElo "1949"]
[BlackElo "1854"]
[PlyCount "69"]
[EventDate "2014.12.06"]
[EventType "swiss"]
[EventRounds "9"]
[EventCountry "RUS"]
[SourceTitle "CBM 164 Extra"]
[Source "ChessBase"]
[SourceDate "2015.03.02"]
[SourceVersion "1"]
[SourceVersionDate "2015.03.02"]
[SourceQuality "1"]

1. e4 e6 2. d4 d5 3. e5 c5 4. c3 Qb6 5. Nf3 Nc6 6. a3 c4 7. g3 Na5 8. Nbd2 Bd7 9. Bh3 Ne7 10. 0-0 Nc8 11. Ne1 Qc7 12. f4 g6 13. Qf3 h5 14. Nc2 Ne7 15. Ne3 0-0-0 16. Rb1 Ba4 17. Qe2 Nf5 18. Nf3 Be7 19. Ng5 Bxg5 20. fxg5 Rdf8 21. Bxf5 gxf5 22. h4 Qb6 23. Ng2 Qb3 24. Ne3 Nc6 25. Bd2 Ne7 26. Rfc1 Ng6 27. Ng2 Qb6 28. Bf4 Bb3 29. Ne3 a5 30. Qf3 Rd8 31. Ra1 a4 32. Nf1 Qc6 33. Nd2 b5 34. Nxb3 axb3 35. Qe2 1/2-1/2

[Event "Saratov Regional-ch"]
[Site "Saratov"]
[Date "2014.12.06"]
[Round "1"]
[White "Sanzhaev, Darsen"]
[Black "Brekhov, Denis"]
[Result "1-0"]
[WhiteElo "2344"]
[BlackElo "1949"]
[PlyCount "50"]
[EventDate "2014.12.06"]
[EventType "swiss"]
[EventRounds "9"]
[EventCountry "RUS"]
[SourceTitle "CBM 164 Extra"]
[Source "ChessBase"]
[SourceDate "2015.03.02"]
[SourceVersion "1"]
[SourceVersionDate "2015.03.02"]
[SourceQuality "1"]

1. d4 Nf6 2. c4 g6 3. Nc3 d5 4. cxd5 Nxd5 5. e4 Nxc3 6. bxc3 Bg7 7. Be3 c5 8. Qd2 0-0 9. Rc1 cxd4 10. cxd4 Nc6 11. d5 Ne5 12. h3 Nd7 13. Ne2 f5 14. exf5 gxf5 15. Nf4 Nf6 16. Bd3 Kh8 17. Bb1 Qe8 18. 0-0 Nh5 19. Rfe1 Nxf4 20. Bxf4 Bd7 21. Qb4 e5 22. Bxe5 Bxe5 23. f4 Qf7 24. Rxe5 Rac8 25. Rce1 b6 1-0

[Event "Saratov-ch"]
[Site "Saratov"]
[Date "2014.02.26"]
[Round "3"]
[White "Brekhov, Denis"]
[Black "Kavyev, Ruslan"]
[Result "1-0"]
[WhiteElo "1956"]
[BlackElo "1815"]
[PlyCount "41"]
[EventDate "2014.02.24"]
[EventType "swiss"]
[EventRounds "9"]
[EventCountry "RUS"]
[SourceTitle "CBM 159 Extra"]
[Source "ChessBase"]
[SourceDate "2014.04.24"]
[SourceVersion "1"]
[SourceVersionDate "2014.04.24"]
[SourceQuality "1"]

1. e4 c5 2. Nf3 d6 3. d4 cxd4 4. Nxd4 Nf6 5. Nc3 a6 6. Bg5 Nbd7 7. f4 Qc7 8. Qf3 h6 9. Bxf6 Nxf6 10. h3 Qc5 11. 0-0-0 g5 12. e5 dxe5 13. fxe5 g4 14. hxg4 Bxg4 15. Qxb7 Rd8 16. Bxa6 Bc8 17. Qc6+ Nd7 18. Ncb5 e6 19. Nc7+ Ke7 20. Qxc5+ Nxc5 21. Nc6# 1-0

[Event "Saratov Winter Cup"]
[Site "Saratov"]
[Date "2013.01.12"]
[Round "1"]
[White "Sudnik, Pavel"]
[Black "Brekhov, Denis"]
[Result "1/2-1/2"]
[WhiteElo "2020"]
[BlackElo "1979"]
[PlyCount "88"]
[EventDate "2013.01.12"]
[EventType "swiss"]
[EventRounds "9"]
[EventCountry "RUS"]
[SourceTitle "CBM 152 Extra"]
[Source "ChessBase"]
[SourceDate "2013.02.25"]
[SourceVersion "1"]
[SourceVersionDate "2013.02.25"]
[SourceQuality "1"]

1. e4 c5 2. Nc3 Nc6 3. d3 e5 4. f4 g6 5. Nf3 Bg7 6. fxe5 Nxe5 7. Nd5 d6 8. Be2 Be6 9. Nf4 Bd7 10. 0-0 Ne7 11. c3 0-0 12. a4 Bc6 13. Kh1 Nxf3 14. Bxf3 d5 15. exd5 Nxd5 16. Nxd5 Bxd5 17. Be3 Qd6 18. Qd2 Rad8 19. Bh6 Rfe8 20. Bxg7 Kxg7 21. a5 Re7 22. Ra4 Rde8 23. Rh4 Re3 24. Bxd5 Qxd5 25. Rhf4 f5 26. R4f3 Re2 27. Qc1 Qe5 28. h3 Re1 29. Qc2 Qe2 30. Qxe2 R8xe2 31. b4 cxb4 32. cxb4 Rxf1+ 33. Rxf1 Rb2 34. Rf4 Kf6 35. Rc4 Ke5 36. Rc5+ Kd4 37. Rb5 b6 38. axb6 axb6 39. Rxb6 Kxd3 40. Rb7 Kc4 41. Rxh7 Rxb4 42. Rh6 Rb6 43. h4 Kd5 44. Kh2 Re6 1/2-1/2

[Event "Saratov Autumn Higher School Realty"]
[Site "Saratov"]
[Date "2012.09.29"]
[Round "9.2"]
[White "Palin, Denis"]
[Black "Brekhov, Denis"]
[Result "1/2-1/2"]
[WhiteElo "2096"]
[BlackElo "1963"]
[PlyCount "53"]
[EventDate "2012.09.20"]
[EventType "swiss"]
[EventRounds "9"]
[EventCountry "RUS"]
[SourceTitle "EXT 2022"]
[Source "ChessBase"]
[SourceDate "2021.10.06"]
[SourceVersion "1"]
[SourceVersionDate "2021.10.06"]
[SourceQuality "1"]

1. c4 f5 2. d4 Nf6 3. g3 e6 4. Bg2 d5 5. Nf3 c6 6. 0-0 Bd6 7. b3 Qe7 8. Bb2 0-0 9. e3 b6 10. Ne5 Bb7 11. Nd2 Nbd7 12. f4 Ne4 13. Nxe4 dxe4 14. Rc1 Rfd8 15. Qe2 Rac8 16. Rfd1 Nxe5 17. dxe5 Bc7 18. Rxd8+ Rxd8 19. Rd1 c5 20. Rd2 Rxd2 21. Qxd2 Qd8 22. Qxd8+ Bxd8 23. Kf2 Kf7 24. Kg1 Kg8 25. Kf2 Kf7 26. Kg1 Kg8 27. Kf2 1/2-1/2

[Event "Saratov Autumn Higher School Realty"]
[Site "Saratov"]
[Date "2012.09.26"]
[Round "6.3"]
[White "Brekhov, Denis"]
[Black "Eramian, Gamlet"]
[Result "1/2-1/2"]
[WhiteElo "1963"]
[BlackElo "2055"]
[PlyCount "106"]
[EventDate "2012.09.20"]
[EventType "swiss"]
[EventRounds "9"]
[EventCountry "RUS"]
[SourceTitle "EXT 2022"]
[Source "ChessBase"]
[SourceDate "2021.10.06"]
[SourceVersion "1"]
[SourceVersionDate "2021.10.06"]
[SourceQuality "1"]

1. e4 c5 2. Nf3 g6 3. d4 cxd4 4. Nxd4 Bg7 5. Nc3 Nc6 6. Be3 Nf6 7. Bc4 0-0 8. Bb3 d6 9. f3 a5 10. a4 Nxd4 11. Bxd4 Nd7 12. Bxg7 Kxg7 13. Qd4+ Kg8 14. h4 Nc5 15. Bc4 Be6 16. h5 Bxc4 17. hxg6 fxg6 18. Qxc4+ Kg7 19. 0-0-0 Nd7 20. Qd4+ Nf6 21. e5 dxe5 22. Qxe5 Qb6 23. Qxe7+ Rf7 24. Qe5 Re8 25. Qd4 Qxd4 26. Rxd4 Re5 27. Rhd1 Rfe7 28. b3 h5 29. Nd5 Nxd5 30. Rxd5 Rxd5 31. Rxd5 Re2 32. Rd2 Re1+ 33. Kb2 Kf6 34. c3 h4 35. b4 axb4 36. cxb4 Re3 37. a5 Ke6 38. Kc2 Ra3 39. Rd4 g5 40. Rg4 Kf5 41. Kb2 Re3 42. Rc4 Ke6 43. b5 Re5 44. Rb4 Kd6 45. a6 bxa6 46. bxa6 Ra5 47. Rb6+ Ke5 48. Kb3 Kf4 49. Rb4+ Kg3 50. Ra4 Rxa6 51. Rg4+ Kf2 52. Rxg5 h3 53. gxh3 Kxf3 1/2-1/2

[Event "Saratov SSEU Cup 2nd Stage"]
[Site "Saratov"]
[Date "2012.05.18"]
[Round "7"]
[White "Brekhov, Denis"]
[Black "Smirnov, Alexandr A"]
[Result "1/2-1/2"]
[WhiteElo "1930"]
[BlackElo "2173"]
[PlyCount "92"]
[EventDate "2012.05.11"]
[EventType "swiss"]
[EventRounds "9"]
[EventCountry "RUS"]
[SourceTitle "EXT 2020"]
[Source "ChessBase"]
[SourceDate "2019.10.17"]
[SourceVersion "1"]
[SourceVersionDate "2019.10.17"]
[SourceQuality "1"]

1. e4 g6 2. d4 Bg7 3. Nc3 d5 4. exd5 Nf6 5. Bb5+ Nbd7 6. Nf3 0-0 7. 0-0 Nb6 8. Bg5 Nfxd5 9. Nxd5 Nxd5 10. Re1 c6 11. Bd3 Re8 12. Qd2 Qd6 13. Bh4 Bg4 14. Bg3 Qd8 15. Ne5 Be6 16. h4 Nf6 17. c3 Rc8 18. Nf3 Bg4 19. Ne5 Be6 20. Nf3 Bg4 21. Ne5 Bd7 22. Bc4 Rf8 23. Qe2 e6 24. Rad1 Nh5 25. Qf3 Nxg3 26. Qxg3 Qe7 27. h5 Rcd8 28. hxg6 hxg6 29. Re4 Bc8 30. Rde1 c5 31. Nxg6 fxg6 32. Rxe6 Bxe6 33. Rxe6 Qxe6 34. Bxe6+ Kh7 35. Qh4+ Bh6 36. Qe7+ Kh8 37. Qxc5 Rf6 38. d5 b6 39. Qe7 Rdf8 40. f3 a5 41. d6 Be3+ 42. Kf1 Bc5 43. Ke2 Bxd6 44. Qxd6 Re8 45. Qd4 Rexe6+ 46. Kf2 Rd6 1/2-1/2

[Event "Saratov Autumn Cup High School Property"]
[Site "Saratov"]
[Date "2011.10.08"]
[Round "2.5"]
[White "Brekhov, Denis"]
[Black "Fedukin, Alexandre"]
[Result "1-0"]
[WhiteElo "1952"]
[BlackElo "1859"]
[PlyCount "71"]
[EventDate "2011.10.07"]
[EventType "swiss"]
[EventRounds "9"]
[EventCountry "RUS"]
[SourceTitle "EXT 2022"]
[Source "ChessBase"]
[SourceDate "2021.10.06"]
[SourceVersion "1"]
[SourceVersionDate "2021.10.06"]
[SourceQuality "1"]

1. e4 e6 2. d4 d5 3. e5 c5 4. c3 Nc6 5. Nf3 Qb6 6. a3 a5 7. Bd3 Bd7 8. Bc2 cxd4 9. cxd4 Nh6 10. Nc3 g6 11. 0-0 Nf5 12. Be3 h5 13. Na4 Qc7 14. Rc1 b5 15. Bxf5 gxf5 16. Nc5 Rc8 17. Qd3 Qb8 18. Ng5 Bxc5 19. Rxc5 Ne7 20. Rfc1 Rxc5 21. Rxc5 Ng6 22. Bd2 Qb6 23. Qc3 a4 24. Rc7 Ne7 25. Nxf7 Kxf7 26. Rxd7 Rd8 27. Rc7 Ke8 28. Bg5 Rd7 29. Rc5 Ng6 30. Rc6 Qb7 31. Rxe6+ Kf7 32. Rf6+ Kg7 33. Qg3 Kh7 34. Qh3 Rg7 35. Qxh5+ Kg8 36. Rxg6 1-0

[Event "Saratov Summer Cup High school prop"]
[Site "Saratov"]
[Date "2011.07.01"]
[Round "4.7"]
[White "Brekhov, Denis"]
[Black "Kapranov, Kirill"]
[Result "1-0"]
[WhiteElo "2008"]
[BlackElo "1631"]
[PlyCount "45"]
[EventDate "2011.06.27"]
[EventType "swiss"]
[EventRounds "9"]
[EventCountry "RUS"]
[SourceTitle "EXT 2022"]
[Source "ChessBase"]
[SourceDate "2021.10.06"]
[SourceVersion "1"]
[SourceVersionDate "2021.10.06"]
[SourceQuality "1"]

1. e4 e5 2. Nf3 Nc6 3. d4 exd4 4. Nxd4 Nge7 5. Be3 g6 6. Nc3 Bg7 7. Qd2 d6 8. 0-0-0 Be6 9. Nxe6 fxe6 10. Bc4 Qd7 11. Nb5 a6 12. Bxe6 axb5 13. Bxd7+ Kxd7 14. Qe2 b4 15. Qg4+ Ke8 16. Qe6 Rf8 17. f4 Bh6 18. Rhf1 Rd8 19. g4 b6 20. g5 Bg7 21. f5 gxf5 22. exf5 Be5 23. f6 1-0

[Event "Saratov Region-ch"]
[Site "Saratov"]
[Date "2011.06.06"]
[Round "6"]
[White "Mamonov, Alexey"]
[Black "Brekhov, Denis"]
[Result "0-1"]
[WhiteElo "1763"]
[BlackElo "2002"]
[PlyCount "108"]
[EventDate "2011.06.01"]
[EventType "swiss"]
[EventRounds "9"]
[EventCountry "RUS"]
[SourceTitle "EXT 2012"]
[Source "ChessBase"]
[SourceDate "2011.11.24"]
[SourceVersion "1"]
[SourceVersionDate "2011.11.24"]
[SourceQuality "1"]

1. d4 f5 2. Nc3 d5 3. Nf3 Nf6 4. Bg5 e6 5. e3 c6 6. Bd3 Bd6 7. 0-0 Qc7 8. g3 Nbd7 9. Ne2 Ne4 10. Bf4 e5 11. dxe5 Nxe5 12. Nxe5 Bxe5 13. c4 g5 14. Bxe5 Qxe5 15. cxd5 Qxd5 16. Bxe4 Qxe4 17. Nc3 Qe6 18. e4 0-0 19. exf5 Qxf5 20. Qh5 Be6 21. Rae1 Bc4 22. g4 Qg6 23. Qxg6+ hxg6 24. Re5 Bxf1 25. Kxf1 Rae8 26. Rxg5 Kg7 27. Ne2 b6 28. h4 Kh6 29. a4 Rf3 30. Ng3 Rb3 31. Ne2 Rxb2 32. Nf4 Rg8 33. Re5 Rb4 34. g5+ Kh7 35. Ng2 Rxa4 36. Re6 c5 37. f3 Rg7 38. Ne3 Rxh4 39. Nd5 Rf7 40. Nf6+ Rxf6 41. gxf6 Kg8 42. Re7 Rf4 43. Rg7+ Kf8 44. Rxg6 Kf7 45. Rg7+ Kxf6 46. Rxa7 Rxf3+ 47. Ke2 Rb3 48. Rd7 Ke5 49. Kd2 b5 50. Kc2 Rb4 51. Kc3 Rc4+ 52. Kb3 Rd4 53. Re7+ Kd5 54. Rh7 Rd3+ 0-1

[Event "Saratov Spring Cup High School Prop. B"]
[Site "Saratov"]
[Date "2011.03.27"]
[Round "9.5"]
[White "Brekhov, Denis"]
[Black "Nuskhinov, Bair"]
[Result "1/2-1/2"]
[WhiteElo "2002"]
[BlackElo "2055"]
[PlyCount "89"]
[EventDate "2011.03.14"]
[EventType "tourn"]
[EventRounds "9"]
[EventCountry "RUS"]
[SourceTitle "EXT 2022"]
[Source "ChessBase"]
[SourceDate "2021.10.06"]
[SourceVersion "1"]
[SourceVersionDate "2021.10.06"]
[SourceQuality "1"]

1. e4 c5 2. Nf3 Nc6 3. d4 cxd4 4. Nxd4 g6 5. Be3 Bg7 6. Nc3 Nf6 7. Bc4 0-0 8. Bb3 a6 9. f3 b5 10. Qd2 Bb7 11. h4 e6 12. 0-0-0 Rc8 13. h5 Nxh5 14. g4 Nf6 15. Nxc6 Bxc6 16. e5 b4 17. exf6 Qxf6 18. Qh2 h5 19. gxh5 bxc3 20. hxg6 fxg6 21. Kb1 d5 22. f4 Rf7 23. Bd4 Qxd4 24. Qh7+ Kf8 25. Rxd4 Bxd4 26. Qxg6 Ke7 27. Re1 Rf6 28. Qg7+ Kd6 29. f5 Be5 30. Qxf6 Bxf6 31. Rxe6+ Kc5 32. Rxf6 a5 33. a4 Rb8 34. bxc3 Bxa4 35. Ka2 Bb5 36. Ka3 a4 37. Ba2 Re8 38. Re6 Rxe6 39. fxe6 Bc6 40. e7 Bd7 41. Bb1 Kc4 42. Ba2+ Kc5 43. Kb2 Kd6 44. Ka3 Kc5 45. Kb2 1/2-1/2

[Event "Saratov Spring Cup High School Prop. B"]
[Site "Saratov"]
[Date "2011.03.16"]
[Round "3.3"]
[White "Luchinin, Alexey"]
[Black "Brekhov, Denis"]
[Result "0-1"]
[WhiteElo "1695"]
[BlackElo "2002"]
[PlyCount "64"]
[EventDate "2011.03.14"]
[EventType "tourn"]
[EventRounds "9"]
[EventCountry "RUS"]
[SourceTitle "EXT 2022"]
[Source "ChessBase"]
[SourceDate "2021.10.06"]
[SourceVersion "1"]
[SourceVersionDate "2021.10.06"]
[SourceQuality "1"]

1. d4 Nf6 2. c4 g6 3. Nc3 d5 4. cxd5 Nxd5 5. e4 Nxc3 6. bxc3 Bg7 7. Bc4 0-0 8. Ne2 c5 9. Be3 Nc6 10. 0-0 Bg4 11. f3 Na5 12. Bxf7+ Rxf7 13. fxg4 Rxf1+ 14. Qxf1 Qd7 15. e5 Rf8 16. Qc1 Qxg4 17. Ng3 Nc4 18. Bf2 b5 19. Qc2 Bh6 20. Re1 Qf4 21. Ne4 Qf5 22. Qb3 Kh8 23. Qxb5 Nd2 24. Nf6 exf6 25. e6 Ne4 26. Bh4 Qxe6 27. Qb7 f5 28. d5 Qb6 29. Qe7 c4+ 30. Kf1 g5 31. d6 Qxd6 32. Rxe4 fxe4+ 0-1